00282 2200121 4500001002100000005001500021035002000036245004400056300000800100260003200108082000800140084001200148INLIS00000000000219020250527011622 a0010-0525000482 aMenggapai Cita-Cita /cTuwuh Trisnayadi a175 bPustaka Insan Madani,c2000 a300 a300 MEN